00546nam a22001697a 450000500170000001000130001702000260003003500120005603700130006808200080008110000360008924500640012524600490018926000530023827000590029130000260035020230822115554.0 aUR-12149 a9789393785633c800.00 aU-10704 bDBAD/PUB a844 aمحمود احمد عبا سی aتز کرت الکرام /cمحمود احمد عبا سی aTazkiratul Kirami /bby Mahmood Ahmed Abbasi aNew DelhibEducational Publishing Housec2022 ء aH.o. D1/16, Ansari Road, Darya GanjbNew Delhie110002 a468 صc23cm(Hb)